BIBLIOTHÈQUE DE LA MAISON DU MEXIQUE

Logo 1 Logo 2

Democracia y desafío medioambiental en México (notice nᵒ 9479)

détails MARC
000 -Sello discográfico
campo de control de longitud fija 01049nam a2200289 4500
005 - Identificación de versión
campo de control 20260219125030.0
010 ## - Número Estándar Internacional de Libros (ISBN)
Número (ISBN) 84-87682-57-X
035 ## - Otros números de control del sistema
Número de control del sistema 10490
099 ## - fechas locales
Tipo de ítem Koha LIBRO
100 ## - Datos de procesamiento general
Datos de procesamiento general 20030730d2005 m y1spay5003 ba
101 ## - Idioma del recurso
Idioma del texto, banda sonora, etc. Español; Castellano
105 ## - Campo de datos codificados: Material textual, monográfico
Datos codificados de monografía a 001zy
200 1# - Título y mención de responsabilidad
Título propio Democracia y desafío medioambiental en México
Designación general del material texto impreso
Otra información del título riesgos, retos y opciones en la nueva era de la globalización
Primer mención de responsabilidad Miriam Alfie Cohen
210 ## - Publicación, distribución, etc.
Lugar de publicación, distribución, etc. México
-- Barcelona
Nombre del editor, distribuidor, etc. Universidad Autónoma Metropolitana, Unidad Azcapotzalco
-- Ediciones Pomares
Fecha de publicación, distribución, etc. 2005
215 ## - Descripción física
Designación de material específico y extensión del ítem 270 p
Otras características físicas il.
Dimensiones 23 cm
300 ## - Notas generales
Texto de la nota Incluye índice de nombres
345 ## - Nota de información de adquisición
Fuente de adquisición/dirección de la suscripción [OBSOLETO] Donación Miriam Alfie Cohen
410 #1 - Series
Título Teoría social
606 ## - Término temático usado como materia
Elemento de entrada Protección del medio ambiente
Subdivisión temática Aspectos económicos
Subdivisión geográfica México
Número Koha 15843
606 ## - Término temático usado como materia
Elemento de entrada Globalización
Subdivisión temática Aspectos ambientales
Subdivisión geográfica México
Número Koha 19510
660 ## - Código de área geográfica
Código MX
700 ## - Nombre personal - Responsabilidad primaria
Elemento de entrada Alfie Cohen
Parte del nombre distinta del elemento de entrada Miriam
Número Koha 19511
801 #0 - Fuente de origen
País FR
Agencia cm
Reglas de catalogación (convenciones descriptivas) AFNOR
942 ## - ELEMENTOS DE ENTRADA SECUNDARIOS (KOHA)
Tipo de ítem Koha Livre
Exemplaires
Estatus retirado Estado de daño Estado de pérdida Fuente de la clasificación o esquema de estantería Fecha de adquisición Biblioteca de origen Biblioteca actual Código de barras Precio de reemplazo Signatura topográfica completa No para préstamo Tipo de ítem Koha Nota pública Nota no pública
      Clasificación Decimal Dewey 05/08/2025 Casa México Paris Casa México Paris 011181 05/08/2025 301.30 A387d   Livre 20240930LIV 751145101